000 00562nam a2200193Ia 4500
003 GCL
008 140319s9999 xx 000 0 eng d
040 _aGCL /
_cGCL
082 0 4 _aCH
_b372.218
_bA C
100 1 _aABDEL AZIZ, NAWAL MOHAMED
245 1 0 _aTHE CHILD EDUCATION PUBLICATIONS ELEMENTRY ARITHMATIC FOR BEGINNERS (LEVEL 1) /
_cABDEL AZIZ, NAWAL MOHAMED
700 1 _aGABALLA, OMAR FOUAD
260 _a[S.N] :
_bNAHDAT MASR
300 _a47 P
650 0 4 _aCHILDREN - LITERATURE
650 0 4 _aEDUCATION
650 0 4 _aMATHEMATICS
942 _2ddc
_cBK
999 _c15540
_d15540